Normal view
MARC view
Entry Personal Name
001 - CONTROL NUMBER
- control field: 38025
003 - CONTROL NUMBER IDENTIFIER
- control field: ARRUPE
005 - DATE AND TIME OF LATEST TRANSACTION
- control field: 20171208094440.0
008 - FIXED-LENGTH DATA ELEMENTS
- fixed length control field: 171208|| aca||aabn | a|a d
040 ## - CATALOGING SOURCE
- Original cataloging agency: ARRUPE
- Transcribing agency: ARRUPE
100 ## - HEADING--PERSONAL NAME
- Personal name: Langan, Thomas.
670 ## - SOURCE DATA FOUND
- Source citation: Work cat.: (ARRUPE)0: Langan, Thomas., Being and truth /, c1996.